Drotárstvo (drotárske remeslo a umenie zo Slovenska)

Bibliographic Details
Main Authors: Mrva, Marián, 1958- (Author), Škvarnová, Monika, 1972- (Author)
Other Authors: Kucharčíková, Anna (Photographer), Sládková, Paulína (Photographer), Lašut, Filip, 1945-2012 (Photographer)
Format: Book
Language:Slovak
Hungarian
English
PhysicalDescription:160 s. fotogr., il. 21 cm
Published: Žilina Žilina Považské múzeum Krajské múzeum 2006
ISBN:8088877423
Edition:[1. vyd.]
Series:Malá knižnica drotára
Subjects:

MARC

LEADER 00000nam a22000005a 4500
001 vtls008932835
003 SK-MaSNL
005 20260426014831.0
008 240318s2006 xo oa g f 000 0 slo
015 |a SNBA2008/03-01440 
020 |a 8088877423  |q (brož.) 
035 |a EBD382D5-6219-474A-9175-72F532DA9BC2 
035 |a urn:nbn:sk:snk-aml8lw 
035 |a urn:nbn:sk:snk-am008sjz 
040 |a SNK  |b slo  |c SNK  |e AACR2 
041 0 |a slo  |a hun  |a eng 
043 |a e-xo--- 
044 |a xo  |c SK 
072 7 |a 74  |x Kresba. Umelecké remeslá  |2 konspekt 
072 7 |a 67/68  |x Remeslá. Rôzne odvetvia priemyslu  |2 konspekt 
080 |a 745.5-023.871  |2 2001 
080 |a (437.6)  |2 2001 
080 |a (036)  |2 2001 
080 |a (048.8)  |2 2001 
100 1 |a Mrva, Marián,  |d 1958-  |4 aut  |9 165312 
245 1 0 |a Drotárstvo  |b (drotárske remeslo a umenie zo Slovenska)  |c Marián Mrva, Monika Škvarnová ; [fotografie: Anna Kucharčíková, Paulína Sládková, Filip Lašut] 
246 3 1 |a Drótosság  |b drótos mesterség és művészet Szlovákiában 
246 3 1 |a Tinker's craft  |b Tinker's craft and art from Slovakia 
250 |a [1. vyd.] 
260 |a Žilina  |b Považské múzeum  |a Žilina  |b Krajské múzeum  |c 2006 
300 |a 160 s.  |b fotogr., il.  |c 21 cm 
490 1 |a Malá knižnica drotára  |v 6 
500 |a Obsahuje zoznam vyobrazení 
500 |a Vydané pre Žilinský samosprávny kraj 
504 |a Bibliogr. s. 160 
546 |a Súbež. názov a text maď., angl. 
650 0 7 |a drotárstvo  |2 SNKPH  |9 31752 
650 0 7 |a dejiny  |2 SNKPH  |9 3825 
651 7 |a Slovensko  |2 SNKPH  |9 14231 
655 7 |a informačné publikácie  |2 SNKPH  |9 70181 
655 7 |a monografie  |2 SNKPH  |9 70139 
700 1 |a Škvarnová, Monika,  |d 1972-  |4 aut  |9 213783 
700 1 |a Kucharčíková, Anna  |4 pht  |9 68392 
700 1 |a Sládková, Paulína  |4 pht  |9 46840 
700 1 |a Lašut, Filip,  |d 1945-2012  |4 pht  |9 151668 
830 0 |a Malá knižnica drotára  |9 393856 
919 |a 80-88877-42-3 
958 |a NB 
958 |a OND 
968 |d 73/77 
999 |c 1169739  |d 1171669 
952 |a SNK  |b SNK  |y PREZ  |7 0  |p 17A0535053  |o snkSC 126103  |i snk2007/285  |8 0  |0 0  |1 0  |4 0  |d 2007-01-05  |f 1  |l 0  |r 2025-06-11 00:00:00  |w 2026-02-24 
952 |a SNK  |b SNK  |y VYP  |7 0  |p 17A0535052  |o snkSC 126103 D1  |i snk2007/288  |8 0  |0 0  |1 0  |4 0  |d 2007-01-05  |l 0  |r 2026-02-24 21:00:20  |w 2026-02-24